000
00338 a2200157 4500
001
155489
040
_c
Escola São Tomás de Aquino
100
_a
TERRA, Ernani
240
1
0
_a
Minigramática
_l
por
245
1
0
_a
Minigramática
300
_a
496
362
0
_a
2002
440
1
_a
Scipione
697
_a
Língua portuguesa
942
_c
BK
999
_c
155489
_d
155489